MDQL
is popping MORE tags! Check the
thread
!
Quizzes
Events
Quiz Creation
Community
Videos
Private Events
Remove Ads
Sign In
Join for FREE
Feedback
Dark Mode
Quiz Categories
Sports
Geography
Music
Movies
Television
Just For Fun
Miscellaneous
History
Literature
Language
Science
Gaming
Entertainment
Religion
Holiday
For Kids
Quiz Lab
Recent
Popular Today
Quiz Kudos Today
Editor Picks
Curator Picks
Quizzes by...
Day
Popularity
Type
Ratings
Length
Year
Community
Subscriptions
Recent Discussions
Orange Saloon
Badges
Playlists
Quests
Create
Leaderboards
Showdown
Live 5
Trivia Bingo
Activity
Puzzle Library
Sporcle Events
Private Events
Virtual Trivia
Globe League
Become a Host
Pub Owners
SporcleCon
Opinionation
Our Games
Videos
Blog
Mobile Apps
Partnerships
Remove Ads and Go Orange
Feedback
Sports
Athletes
MLB
NBA
NHL
NFL
Soccer
Sports Teams
WWE
NCAA
Football
Premier League
Basketball
Baseball
Hockey
Golf
Tennis
Cricket
Rugby
Auto Racing
Olympics
World Cup
Sports
Athletes
MLB
NBA
NHL
NFL
Soccer
Sports Teams
WWE
NCAA
Football
Premier League
Basketball
Baseball
Hockey
Golf
Tennis
Cricket
Rugby
Auto Racing
Olympics
World Cup
Random Quiz
Search Sporcle
×
Quiz Lab
Quiz Lab
Sports
NFL
Type in answers that appear in a list
Type in answers that appear in a list
Classic
Best Score? Go Orange.
AFC RB/WR Colleges Stats
Can you name the colleges of these AFC players?
By
jjf6w
5m
48 Questions
610 Plays
610 Plays
610 Plays
Comments
Comments
Give Quiz Kudos
Give Quiz Kudos
-
- Ratings
hide this ad
More Info
Replay
Link that replays current quiz
Next Quiz
Link to next quiz in quiz playlist
You Got
0%
They Got
Avg Score
71%
Avg Friend Score
Upgrade to see
Score Distribution
Jump to the score distribution portion of the page
Score
0/48
Timer
05:00
0
Plays Today
Player
College
% Correct
Justin Fargas
USC
98.7%
Cedric Benson
Texas
98%
Jamaal Charles
Texas
98%
Ricky Williams
Texas
98%
Andre Johnson
Miami
95.4%
Reggie Wayne
Miami
95.4%
Braylon Edwards
Michigan
94.4%
Mohamed Massaquoi
Georgia
93.8%
Knowshon Moreno
Georgia
93.8%
Hines Ward
Georgia
93.8%
Ray Rice
Rutgers
93.3%
Kenny Britt
Rutgers
93.3%
Joseph Addai
Louisiana State
90.3%
Dwayne Bowe
Louisiana State
90.3%
Mike Furrey
Ohio State
89.8%
Jabar Gaffney
Florida
89.7%
Louis Murphy
Florida
89.7%
Santonio Holmes
Ohio State
89.7%
Maurice Jones-
Drew
UCLA
89%
LaDanian Tomlinson
Texas Christian
88.7%
Randy Moss
Marshall
86.9%
Steve Slaton
West Virginia
85.1%
Chad Ochocinco
Oregon State
83%
Laurence Maroney
Minnesota
83%
Player
College
% Correct
Rashard Mendenhall
Illinois
82%
Jamal Lewis
Tennessee
80.8%
Darrius Heyward-
Bey
Maryland
80.7%
Wes Welker
Texas Tech
79.5%
Laveranues Coles
Florida State
77.5%
Mark Clayton
Oklahoma
76.6%
Lee Evans
Wisconsin
72.3%
Chris Chambers
Wisconsin
72.3%
Thomas Jones
Virginia
69.5%
Chris Johnson
East Carolina
67.9%
Torry Holt
North Carolina State
58%
Jerricho Cotchery
North Carolina State
58%
Terrell Owens
Tennessee-Chattanooga
54.8%
Derrick Mason
Michigan State
53%
Davone Bess
Hawaii
50.5%
Brandon Marshall
Central Florida
45.6%
Mike Sims-
Walker
Central Florida
45.6%
Greg Camarillo
Stanford
29.2%
Pierre Garcon
Mount Union
27.9%
Fred Jackson
Coe College
16.4%
Vincent Jackson
Northern Colorado
13.3%
Malcom Floyd
Wyoming
6.9%
Kevin Walter
Eastern Michigan
4.4%
Nate Washington
Tiffin
4.3%
Quiz Playlist
Details
Report
Send in Message
Add To Playlist
More Info:
players chosen based on yardage as of 12/4; also try NFC version http://www.sporcle.com/games/jjf6w/rbwrcolleges
Classic:
Type in answers that appear in a list
Quiz Source
Last Updated: Feb 16, 2017
Quiz Scoreboard
CHALLENGE
Sign Up to Join the Scoreboard
Show All
Scores
Hide
Comments
May contain spoilers
Recently Published
Image Sorting: Flags VI
by Barbecue
Geography
2m
Find the 'City' Movie
by crazypaving
Movies
60s
Colored Red Africa Blitz
by spor1
Geography
45s
More to Explore
Quiz From the Vault
Featured Blog Post
14 Easter Pick-up Lines to Find Eggs With
hide this ad
You Might Also Like...
Tags
College Quiz
NFL Quiz
AFC
Player
team
Today's Top Quizzes in Sports
Browse Sports
hide this ad
Today's Top Quizzes in NFL
Browse NFL
Top Contributed Quizzes in Sports
1
Les meilleurs buteurs des matchs entre le PSG et l’OM
2
Les entraîneurs de l'OM et du PSG au 21e siècle
3
Les joueurs passés par le PSG et l'OM
4
2022 World Cup Stars
5
Players with Multiple 50 Home Run Seasons
6
Criteria MLB: Left Handed Sluggers
7
Les joueurs passés par le LOSC et le RC Lens
8
NBA Logic Puzzle 2.0
9
MLB Players with Two .350 Batting Average Seasons
10
FIFA Club World Cup Champions
Explore More
Trending Topics
Kpop
Harry Potter
Anime
Crossword
Disney
NBA
Marvel
NFL
Song
Country
Puzzle
The Office
Pokémon
WWE
Soccer
hide this ad
More By:
jjf6w
Quiz
Plays
Rating
Category
Featured
Created
Randy Moss TDs
3,821
3.83
Sports
Dec 22, 2009
Golf Major Champions Since 1990
3,714
5.00
Sports
Jan 31, 2010
'09 Champions Starting Lineups
1,844
3.92
Sports
Jan 31, 2010
#1 Picks By Yardage
1,040
4.64
Sports
Dec 19, 2009
College In Common
862
4.50
Sports
Dec 6, 2009
Go to Creator's Profile
Score Distribution
Quiz Creator Spotlight
jjf6w
Follow
Send a Message
Quizzes Created
-
Created Quiz Play Count
-
More By This Creator
Popular Quizzes Today
1
Colored Red Africa Blitz
2
Find the US States - No Outlines Minefield
3
Find the 'City' Movie
4
5x2 Blitz: Bands
5
The Countries of the World
6
Find the US States
7
Find the Countries of Europe - No Outlines Minefield
8
US States
More Sports Quizzes
Ballon d'Or 2013 Nominees
Quiz Lab
Trending Quizzes
Colored Red Europe Blitz I
Colored Red Europe Blitz II
Colored Red Africa Blitz II
Colored Red Europe Blitz III
Colored Red Africa Blitz III
Recently Updated
How Do You Spell That?
pecheneg
Godzilla Movies
pecheneg
Grab Bag: 4-10 Letters
pecheneg
2024 March Madness Bracket
pecheneg
Famous TV Couples
Peacemaker
Champions League XIs: Real Madrid
pecheneg
Largest US Cities 1790-2010
pecheneg
Rides in Walt Disney World
pecheneg
Most Oscar Losses (Acting)
pecheneg
Beyoncé Albums
pecheneg
Trending Topics
Disney
Marvel
Harry Potter
NBA
Anime
Kpop
Crossword
Song
Country
WWE
Soccer
Pokémon
The Office
Puzzle
NFL
Your Account Isn't Verified!
In order to create a playlist on Sporcle, you need to verify the email address you used during registration. Go to your
Sporcle Settings
to finish the process.
Report this User
Report this user for behavior that violates our
Community Guidelines
.
Details:
Send Report
Go to the Sporcle.com Mobile Site →
Comments